Cate Blanchett Movies Quiz - Statistics

General Stats
  • This quiz has been taken 211 times
  • The average score is 12 of 20
Answer Stats
Year Description Movie % Correct
2018 A group of women try to steal a valuable necklace at the Met Gala Ocean's 8
90%
2015 Girl with glass footwear has until midnight to win the love of a Prince Cinderella
88%
2008 Freak of nature is born as an old man and gets younger every day The Curious Case of Benjamin Button
83%
2022 Renowned power-obsessed conductor's past indiscretions catch up to her Tár
80%
1998 After her sister's death, imprisoned princess is crowned the Queen of England Elizabeth
78%
2001 Four dwarves start a journey to throw a jewelery into a volcano The Lord of the Rings: Fellowship of the Ring
77%
2015 Two women in the late 50s New York City start a forbidden affair Carol
76%
2021 Two astronomers predict a comet will hit the Earth in six months Don't Look Up
76%
2004 The life of the eccentric aerospace engineer / tycoon Howard Hughes The Aviator
73%
2017 Goddess of death has come to take her father's throne Thor: Ragnarok
69%
2013 Manhattan socialite, who falls on hard times, moves to her working-class sister's apartment in San Francisco Blue Jasmine
68%
2010 Medieval archer fights for justice against an evil English king Robin Hood
57%
2012 Burglar joins a band of dwarves to reclaim their home from a dragon,and finds a golden magical item along the way The Hobbit: An Unexpected Journey
55%
1999 Gay young fraudster goes to Italy and steals a rich man's identity The Talented Mr. Ripley
45%
2006 Two boys shoot at a tourist bus, injuring a woman, in Morocco Babel
43%
2006 Lonely veteran teacher uncovers a fellow teacher's illicit affair with an underage student Notes on a Scandal
42%
2008 Renowned archaeologist sets on to find a human skull made of quartz against the Soviet KGB agents Kingdom of the Crystal Skull
41%
2021 Ambitious carnie with a mysterious past takes big risks to boost his career Nightmare Alley
39%
2014 Allied soldiers and commanders recover art stolen by the Nazis The Monuments Men
37%
2007 Six diverse characters, inspired by the life and music of Bob Dylan, portray various aspects of his life I'm Not There
35%
No matching quizzes found
Score Distribution
Percent of People with Each Score
Percentile by Number Answered
Your Score History
You have not taken this quiz